Statistics for Venomous or Poisonous?

Click here to take the quiz!

General Stats

  • This quiz has been taken 108 times
    (54 since last reset)
  • The average score is 7 of 10

Answer Stats

QuestionAnswer% Correct
CobraVenomous
94%
Black WidowVenomous
89%
LeadPoisonous
87%
BeeVenomous
77%
PythonNone
74%
ArsenicPoisonous
74%
Monarch ButterflyPoisonous
60%
BelladonnaPoisonous
55%
LionfishVenomous
47%
Tomato PlantPoisonous
43%

Score Distribution

Percentile by Number Answered

Percent of People with Each Score

Your Score History

You have not taken this quiz since the last reset